000 00660nam a22002297a 4500
003 BPGM
005 20260627181206.0
008 260627b1981 mx ||||| |||| 001 0 spa d
020 _aSIN ISBN
040 _aBPGM
_bspa
041 _aspa
_hspa
082 0 4 _aCQ / 972.45 / T36
_21981
245 _aPROBLEMAS DEL DESARROLLO HISTORICO DE QUERETARO.
300 _a301 paginas;
_c22.5 cm x 16.3 cm.
336 _2rdacontent
_atexto
_btxt
337 _2rdamedia
_asin mediación
_bn
338 _2rdacarrier
_avolumen
_bnc
650 _aGEOGRAFIA E HISTORIA
650 _aHISTORIA GENERAL DE AMERICA DEL NORTE
650 _aMESOAMERICA,MEXICO
942 _2ddc
_cCOLQ
999 _c68687
_d68687